00534nam a2200193Ia 450000500170000000800410001702000150005808200130007310000100008624500120009626000580010830000180016665000130018465000120019765000110020994200060022095200990022699900150032520241203005611.0240331s9999 xx 000 0 und d a0333931904 bBAMa894 aBama  0aKarukku aChennaibRajiv Beri for Macmillan India Limitedc2000 aXIV, 108 p ., aReligion aSociety aSocial cL 001040708LaWERCLbWERCLcSSCd2024-03-31l0o 894.811 BAMp4995r2024-03-31w2024-03-31yL c4359d4359